| 000 | 00776cam a22002531 4500 | ||
|---|---|---|---|
| 001 | 16047 | ||
| 003 | BD-RjUL | ||
| 005 | 20211208235936.0 | ||
| 008 | 140211r19431942iluak 001 0 eng | ||
| 035 | _a(BD-RjUL)16102 | ||
| 035 | _a(OCoLC)717805 | ||
| 040 |
_aDLC _cOClU _dOCoLC _dDLC _dBD-RjUL _beng |
||
| 041 | _aeng | ||
| 082 |
_a659.1 _bBOE |
||
| 100 | 1 |
_aBorden, Neil H. _q(Neil Hopper), _d1895-1980. _949684 |
|
| 245 | 1 | 4 |
_aThe economic effects of advertising / _c Neil H. Borden ... |
| 260 |
_aChicago : _bR. D. Irwin, inc., _c1942 ;reprinted 1943] |
||
| 300 |
_axi, 988 p. : _btables (1 fold.) diagrs., forms (1 fold.) ; _c24 cm. |
||
| 504 | _aIncludes index. | ||
| 650 | 0 |
_aAdvertising. _949685 |
|
| 942 |
_2ddc _cBK |
||
| 999 |
_c16047 _d16047 |
||